| 000 | 01010cam a2200241sa 4500 | ||
|---|---|---|---|
| 001 | whitejaguar00appe | ||
| 003 | CaSfIA | ||
| 005 | 20210119122322.0 | ||
| 007 | cr|||| | ||
| 008 | 810616 1986 xx eng | ||
| 020 | _a0770104932 | ||
| 035 | _a135593 | ||
| 040 |
_ambl _dBIBLIOS _dCaSfIA |
||
| 100 | 1 | _aAppel, William. | |
| 245 | 1 | 4 |
_aThe white jaguar. _h[electronic resource] |
| 260 |
_bPaperjacks LTD., _c1986. |
||
| 300 | _a337 p. | ||
| 856 | 4 | 1 |
_uhttp://www.archive.org/details/whitejaguar00appe _zFree eBook from the Internet Archive |
| 856 | 4 | 2 |
_uhttp://www.openlibrary.org/books/OL24603455M _zAdditional information and access via Open Library |
| 942 | _cEB | ||
| 506 | _fНеобхідна авторизація на https://archive.org/ (створення облікового запису безкоштовно) | ||
| 506 | _fНеобхідна авторизація на https://openlibrary.org/ (створення облікового запису безкоштовно) | ||
| 999 |
_c565484 _d565484 |
||